[Event "Match"]
[Site "www.echecsemail.com"]
[Date "2016.11.06"]
[Round "1"]
[White "Stanch3vv"]
[Black "Pariolinius"]
[WhiteElo "1499"]
[BlackElo "1880"]
[Result "0-1"]
[Round "1"]
1.e4 c5
2.Ng1f3 d6
3.d4 cxd4
4.Nf3xd4 a6
5.Nb1c3 Ng8f6
6.Bf1e2 e6
7.O-O Bf8e7
8.Bc1e3 O-O
9.a4 Bc8d7
10.f4 Nb8c6
11.Qd1e1 Nc6b4
12.Qe1g3 Nb4xc2
13.Nd4xc2 Ra8c8
14.Nc2d4 Qd8c7
15.f5 e5
16.Nd4c2 Rf8e8
17.Nc2b4 Qc7b8
18.Be3h6 Be7f8
19.Nb4d5 Nf6xd5
 { time }
0-1

[Event "Match"]
[Site "www.echecsemail.com"]
[Date "2016.11.06"]
[Round "1"]
[White "Manuelito"]
[Black "Gambitmiau"]
[WhiteElo "1599"]
[BlackElo "1860"]
[Result "0-1"]
[Round "1"]
1.d4 d5
2.e3 a6
3.Ng1f3 Nb8c6
4.c4 Bc8g4
5.h3 Bg4f5
6.a3 Bf5e4
7.cxd5 Qd8xd5
8.Nb1c3 Qd5e6
9.Bf1d3 Be4xd3
10.Qd1xd3 O-O-O
11.O-O Nc6a5
12.b4 Na5b3
13.Ra1b1 h6
14.a4 g5
15.g4 Ng8f6
16.Nc3e2 Nb3xc1
17.Rf1xc1 Qe6e4
18.Qd3xe4 Nf6xe4
19.Nf3e5 Rh8h7
20.f3 Ne4d6
21.e4 Bf8g7
22.Ne5d3 b5
23.a5 Nd6c4
24.d5 Nc4e5
25.Nd3xe5 Bg7xe5
26.Rc1c6 Rd8d6
27.Rb1c1 Rd6xc6
28.Rc1xc6 Kb7
29.Kg2 Be5d6
30.Ne2d4 Bd6xb4
31.Nd4xb5 Bb4xa5
32.Nb5d4 Ba5b6
33.Nd4f5 e6
34.Nf5g3 exd5
35.exd5 a5
36.d6 Kxc6
{ resign }
0-1

[Event "Match"]
[Site "www.echecsemail.com"]
[Date "2016.11.06"]
[Round "1"]
[White "Pinehill"]
[Black "Jwc"]
[WhiteElo "2070"]
[BlackElo "1429"]
[Result "1-0"]
[Round "1"]
1.e4 d5
2.Ng1f3 dxe4
3.Nf3g5 h6
4.Ng5xe4 Ng8f6
5.Nb1c3 Nf6xe4
6.Nc3xe4 f5
7.Qd1h5 Kd7
8.Qh5xf5 Ke8
9.Qf5g6 Kd7
10.Ne4c5 { resign }
1-0

[Event "Match"]
[Site "www.echecsemail.com"]
[Date "2016.11.06"]
[Round "1"]
[White "Ericleo1980"]
[Black "Genius2"]
[WhiteElo "2230"]
[BlackElo "1720"]
[Result "1-0"]
[Round "1"]
1.e4 Ng8f6
2.e5 Nf6d5
3.d4 d6
4.Ng1f3 e6
5.Bf1c4 dxe5
6.Nf3xe5 Bf8e7
7.O-O O-O
8.c3 Nd5b6
9.Bc4d3 Be7f6
10.f4 Nb8d7
11.Qd1h5  { time }
1-0

[Event "Match"]
[Site "www.echecsemail.com"]
[Date "2016.11.06"]
[Round "1"]
[White "Genius5"]
[Black "Fkarpov"]
[WhiteElo "1620"]
[BlackElo "2100"]
[Result "1-0"]
[Round "1"]
1.b4 e6
2.Bc1b2 Ng8f6
3.a3 Bf8e7
4.e3 O-O
5.Ng1f3 d6
6.c4 Rf8e8
7.d4 h6
8.Bf1d3 Be7f8
9.O-O c6
10.Nb1d2 Nb8d7
11.Qd1e2 e5
12.dxe5 dxe5
13.e4 b6
14.Ra1d1 Qd8c7
15.Rf1e1 a6
16.Nd2f1  { time }
1-0

[Event "1/32 Finale"]
[Site "www.chess-mail.com"]
[Date "2016.11.06"]
[Round "1"]
[White "Ffdd65"]
[Black "Sachpat"]
[WhiteElo "2220"]
[BlackElo "2480"]
[Result "0-1"]
[Round "1"]
1.e4 c5
2.Ng1f3 d6
3.Bf1e2 Ng8f6
4.d3 e6
5.c4 Nb8c6
6.a3 Bf8e7
7.Bc1e3 O-O
8.h3 d5
9.e5 Nf6d7
10.d4 cxd4
11.Be3xd4 Nc6xd4
12.Qd1xd4 f6
13.exf6 Be7xf6
14.Qd4d2 Nd7c5
15.Qd2c2 dxc4
16.Be2xc4 b5
17.Bc4e2 Bc8b7
18.Qc2xc5 Ra8c8
19.Qc5e3 Bf6xb2
20.Qe3xe6 Kh8
21.Nb1d2 Bb2xa1
22.O-O Rf8e8
23.Qe6f7 Re8e7
24.Qf7a2 Re7xe2
25.Qa2xa1 Re2xd2
26.Nf3xd2 Qd8xd2
27.Rf1d1 Qd2g5
28.g3 Rc8d8
29.Rd1d4 Rd8xd4
{ resign }
0-1

[Event "1/128 Finale"]
[Site "www.chess-mail.com"]
[Date "2016.11.06"]
[Round "1"]
[White "Guidom"]
[Black "Malbertan"]
[WhiteElo "2150"]
[BlackElo "2050"]
[Result "1/2-1/2"]
[Round "1"]
1.e4 Ng8f6
2.Nb1c3 Nb8c6
3.f4 e5
4.fxe5 Nc6xe5
5.d4 Ne5c6
6.Bc1g5 Bf8e7
7.Ng1f3 O-O
8.d5 Nc6b8
9.Bf1d3 d6
10.O-O Bc8g4
11.Qd1d2 Nb8d7
12.h3 Bg4xf3
13.Rf1xf3 Nd7e5
14.Rf3f1 Nf6xd5
15.Bg5xe7 Nd5xe7
16.Bd3e2 Qd8d7
17.Nc3d5 Ne7xd5
18.exd5 Qd7e7
19.Ra1e1 Qe7h4
20.Rf1f4 Qh4h6
21.Qd2d4 Qh6g6
22.Qd4c3 Ra8c8
23.Be2g4 f5
24.Bg4f3 Ne5xf3
25.Qc3xf3 Qg6f6
26.c3 g6
27.Re1e6 Qf6f7
28.Rf4a4 a6
29.Ra4b4 b5
30.Rb4h4 Rc8e8
31.Qf3e3 Re8xe6
32.dxe6 Qf7e7
33.Qe3h6 { draw }
1/2-1/2

[Event "Eq:SIETE ESTRELLAS VERDES-Los Tercios : "]
[Site "www.chess-mail.com"]
[Date "2016.11.06"]
[Round "1"]
[White "Paco"]
[Black "Lui"]
[WhiteElo "1920"]
[BlackElo "2470"]
[Result "0-1"]
[Round "1"]
1.e4 c5
2.Bf1c4 e6
3.Ng1f3 Nb8c6
4.d3 d5
5.exd5 exd5
6.Bc4b5 Qd8a5
7.Nb1c3 d4
8.Bb5xc6 bxc6
9.Qd1e2 Bc8e6
10.Bc1d2 dxc3
11.Bd2xc3 Qa5d8
12.O-O Ng8f6
13.Nf3g5 Qd8d5
14.f4 Bf8e7
15.Bc3e5 O-O
16.c4 Qd5d7
17.h3 h6
18.Ng5e4 Ra8d8
19.Rf1f3 Nf6xe4
20.Qe2xe4 Be6f5
21.Qe4e1 Rf8e8
22.Qe1g3 Be7f8
23.Ra1d1 Re8e6
24.Qg3h4 f6
25.Be5c3 Rd8e8
26.Rf3g3 Kh7
27.Rg3f3 Re6e2
28.g4 Bf5e4
29.Rf3g3 g5
30.fxg5 fxg5
31.Qh4h5 Be4g6
32.Qh5xg6 Kxg6
33.Rg3f3 Bf8g7
34.Rf3f2 Bg7xc3
35.bxc3 Re2e1
36.Rd1xe1 Re8xe1
37.Kg2 Qd7xd3
38.Rf2f3 Qd3e4
39.Kf2 Qe4e2
{ resign }
0-1

[Event "Tourn. n9020"]
[Site "www.chess-mail.com"]
[Date "2016.11.07"]
[Round "1"]
[White "Faerieking"]
[Black "Mitja"]
[WhiteElo "2170"]
[BlackElo "2000"]
[Result "1-0"]
[Round "1"]
1.e4 d5
2.exd5 Qd8xd5
3.Ng1f3 e6
4.Bf1e2 b6
5.c4 Qd5d6
6.O-O Bc8b7
7.d4 h6
8.Nf3e5 c5
9.Bc1e3 Nb8d7
10.Qd1a4 Ng8f6
11.Ne5xd7 Nf6xd7
12.Nb1c3 a6
13.Rf1d1 Qd6c6
14.Qa4xc6 Bb7xc6
15.d5 Bc6b7
16.dxe6 fxe6
17.Be2h5 Kd8
18.Nc3a4 Ke7
19.Rd1xd7 { resign }
1-0

[Event "Tourn. n8999"]
[Site "www.chess-mail.com"]
[Date "2016.11.07"]
[Round "1"]
[White "Mao"]
[Black "Falcoale"]
[WhiteElo "1750"]
[BlackElo "1640"]
[Result "0-1"]
[Round "1"]
1.e4 c5
2.Ng1f3 e6
3.d4 cxd4
4.Nf3xd4 Ng8f6
5.Nb1c3 a6
6.Bc1e3 Bf8e7
7.Bf1c4 O-O
8.O-O b5
9.Bc4d3 Bc8b7
10.Rf1e1 Nb8c6
11.Qd1e2 Nc6xd4
12.Be3xd4 h6
13.h3 Ra8c8
14.Qe2e3 d5
15.exd5 Nf6xd5
16.Nc3xd5 Bb7xd5
17.Qe3g3 Be7f6
18.Bd4xf6 Qd8xf6
19.a4 Qf6xb2
20.axb5 axb5
21.Re1b1 Qb2f6
22.Bd3xb5 Rc8xc2
23.Ra1a4 Rf8d8
24.Ra4f4 Qf6g5
25.Rf4g4 Qg5f6
26.Rg4f4 Qf6e7
27.Rf4g4 f5
28.Rg4g6 Bd5e4
29.Rg6xh6 Rc2xf2
30.Rb1e1 Rd8d2
31.Re1xe4 Rf2xg2
32.Qg3xg2 Rd2xg2
33.Kxg2 fxe4
{ resign }
0-1

[Event "Tourn. n9025"]
[Site "www.chess-mail.com"]
[Date "2016.11.07"]
[Round "1"]
[White "Cal"]
[Black "Redabond"]
[WhiteElo "1720"]
[BlackElo "1700"]
[Result "0-1"]
[Round "1"]
1.c4 e5
2.e4 Bf8c5
3.d3 Ng8f6
4.a3 Nf6g4
5.h3 Ng4xf2
6.Qd1f3 Nf2xh1
7.Bc1e3 Bc5xe3
8.Qf3xe3 Qd8h4
9.g3 Qh4xg3
10.Qe3xg3 Nh1xg3
11.Bf1g2 O-O
12.Ng1f3 d6
13.Kf2 Ng3h5
14.Nb1d2 Nh5f4
15.Bg2f1 Nb8c6
16.b4 Nf4xh3
17.Bf1xh3 Bc8xh3
18.Nf3g5 Bh3e6
19.Ra1h1 h6
20.Ng5f3 Be6g4
21.Nf3h4 f6
22.Nh4g6 Rf8e8
23.Nd2f1 Kf7
24.Nf1e3 Kxg6
25.Ne3xg4 Nc6d4
26.Ng4e3 Re8f8
27.Ne3d5 c6
28.Nd5c7 Ra8c8
29.Rh1g1 Kf7
30.Nc7d5 cxd5
31.exd5 Nd4c2
32.b5 Nc2xa3
33.Kf3 g5
34.Ke4 Na3xc4
35.dxc4 Rc8xc4
36.Kf5 Rc4f4
{ resign }
0-1

[Event "Tourn. n9007"]
[Site "www.chess-mail.com"]
[Date "2016.11.07"]
[Round "1"]
[White "Mao"]
[Black "Cal"]
[WhiteElo "1730"]
[BlackElo "1680"]
[Result "1-0"]
[Round "1"]
1.e4 e5
2.Ng1f3 d6
3.d4 exd4
4.Nf3xd4 c5
5.Nd4f3 h6
6.Nb1c3 Bc8g4
7.Bf1e2 Bg4xf3
8.Be2xf3 Ng8f6
9.e5 Nf6h7
10.Bf3xb7 Qd8e7
11.Bb7xa8 Qe7xe5
12.Qd1e2 Qe5xe2
13.Nc3xe2 Nb8d7
14.Ba8c6 Nh7f6
15.O-O Bf8e7
16.Bc1f4 O-O
17.Bc6xd7 Nf6d5
18.Bf4g3 Nd5f6
19.Bd7c6 d5
20.Rf1e1 d4
21.Ne2xd4 cxd4
22.Re1xe7 a5
23.Bg3e5 Nf6h5
24.Be5xd4 Nh5f4
25.Bd4e3 Nf4e2
26.Kf1 Rf8c8
27.Bc6f3 Rc8xc2
28.Re7e8 Kh7
29.Bf3e4 g6
30.Be4xc2 { resign }
1-0

[Event "Tourn. n8991"]
[Site "www.chess-mail.com"]
[Date "2016.11.07"]
[Round "1"]
[White "Luban"]
[Black "Xkafi"]
[WhiteElo "1990"]
[BlackElo "1950"]
[Result "1-0"]
[Round "1"]
1.d4 d5
2.Ng1f3 Bc8f5
3.e3 f6
4.c4 e6
5.a3 c6
6.Nb1c3 Ng8h6
7.Bf1d3 Bf5g6
8.h3 Nh6f5
9.O-O Nb8d7
10.Rf1e1 Bg6h5
11.g4 Bh5xg4
12.hxg4 Nf5h6
13.Nf3h2 Qd8c7
14.f4 g5
15.Qd1f3 gxf4
16.exf4 Rh8g8
17.Kf2 Rg8g7
18.Bc1e3 O-O-O
19.Re1g1 Qc7b6
20.Ra1b1 Qb6b3
21.Qf3e2 Nd7b6
22.cxd5 exd5
23.Nh2f3 Nh6xg4
24.Rg1xg4 Rg7xg4
25.Nf3d2 Rg4h4
26.Nd2xb3 Rh4h2
27.Kf3 Rh2xe2
28.Kxe2 h6
29.f5 Rd8e8
30.Kd2 Re8e7
31.Rb1h1 Re7h7
32.Nc3d1 h5
33.Rh1h4 Bf8d6
34.Bd3e2 Bd6g3
35.Rh4xh5 Rh7xh5
36.Be2xh5 { resign }
1-0

[Event "Tourn. n8897"]
[Site "www.chess-mail.com"]
[Date "2016.11.07"]
[Round "1"]
[White "Orhany24"]
[Black "Emiondi"]
[WhiteElo "2180"]
[BlackElo "2170"]
[Result "1-0"]
[Round "1"]
1.d4 Ng8f6
2.c4 g6
3.Nb1c3 Bf8g7
4.e4 d6
5.f4 O-O
6.Ng1f3 c5
7.d5 e6
8.Bf1d3 exd5
9.cxd5 Rf8e8
10.O-O c4
11.Bd3c2 Bc8g4
12.h3 Bg4xf3
13.Qd1xf3 b5
14.a3 Nb8d7
15.Kh1 a6
16.Bc1d2 Nd7c5
17.Ra1d1 Nf6d7
18.Rd1e1 Ra8c8
19.Kh2 h5
20.g4 hxg4
21.hxg4 Qd8h4
22.Qf3h3 Qh4xh3
23.Kxh3 Nc5b3
24.Bc2xb3 cxb3
25.Kg3 Nd7c5
26.Rf1h1 Nc5d3
27.Re1e2 f6
28.Bd2e1 Nd3xe1
29.Rh1xe1 Rc8c5
30.f5 g5
31.Kf3 Kf7
32.Re1h1 Re8h8
33.Re2h2 Rh8xh2
34.Rh1xh2 Kg8
35.Ke3 Rc5c4
36.Kd3 Bg7f8
37.Rh2h1 Rc4c5
38.Rh1c1 a5
39.Nc3e2 Kf7
40.Rc1c3 a4
41.Ne2d4 Bf8e7
42.Nd4c6 Be7f8
43.Kd4 Ke8
44.Nc6b4 Kd7
45.Nb4d3 Rc5xc3
46.Kxc3 Kc7
47.Kb4 Kb6
48.Nd3c1 Bf8e7
49.Nc1e2 Be7d8
50.Ne2d4 { resign }
1-0

[Event "Match"]
[Site "www.echecsemail.com"]
[Date "2016.11.07"]
[Round "1"]
[White "Amadeus"]
[Black "Micheles"]
[WhiteElo "2619"]
[BlackElo "2580"]
[Result "1-0"]
[Round "1"]
1.e4 c6
2.d4 d5
3.Nb1c3 dxe4
4.Nc3xe4 Bc8f5
5.Ne4g3 Bf5g6
6.Ng1f3 Nb8d7
7.Bf1d3 Bg6xd3
8.Qd1xd3 Ng8f6
9.Bc1f4 e6
10.O-O Bf8e7
11.c4 O-O
12.b3 Rf8e8
13.Rf1e1 Qd8b6
14.Ra1c1 Be7b4
15.Re1e3 Qb6a5
16.Qd3d1 Nf6g4
17.Re3e2 e5
18.dxe5 Nd7xe5
19.Nf3xe5 Ng4xe5
20.a3 Bb4f8
21.b4 Qa5c7
22.Qd1b3 Ra8d8
23.Rc1e1 f6
24.Bf4xe5 Re8xe5
25.Re2xe5 fxe5
26.c5 Qc7f7
27.Qb3c2 Qf7e6
28.h3 Rd8d5
29.Qc2a4 a6
30.Qa4b3 Bf8e7
31.Ng3e4 Qe6f7
32.Qb3c2 Qf7e6
33.Ne4d2 a5
34.Nd2c4 axb4
35.axb4 Be7xc5
36.bxc5 Rd5xc5
37.Re1d1 Rc5xc4
38.Rd1d8 Kf7
39.Qc2xh7 Qe6f6
40.Qh7h5 Ke6
41.Qh5e8 Kf5
42.Qe8g8 Kg6
43.Rd8f8 Qf6e7
44.g3 Rc4c5
45.Kh2 Rc5c2
46.h4 { resign }
1-0

[Event "Match"]
[Site "www.echecsemail.com"]
[Date "2016.11.07"]
[Round "1"]
[White "Osvalazo"]
[Black "Cal"]
[WhiteElo "1690"]
[BlackElo "1700"]
[Result "1-0"]
[Round "1"]
1.Ng1f3 d5
2.d4 c6
3.Nb1c3 h6
4.Nf3e5 Ng8f6
5.g3 Bc8f5
6.Bc1f4 Nb8a6
7.e3 Na6b4
8.Bf1d3 a6
9.Bd3xf5 e6
10.Bf5g4 a5
11.Bg4h5 g6
12.Bh5xg6 fxg6
13.Ne5xg6 Rh8h7
14.h4 Qd8d7
15.Ng6e5 Qd7g7
16.a3 Nb4a6
17.Nc3a4 Nf6e4
18.Qd1h5 Kd8
19.Na4b6 Ra8b8
20.Ne5d3 Bf8d6
21.Bf4xd6 Ne4xd6
22.Nd3e5 Kc7
23.Nb6d7 Rb8d8
24.O-O-O Rd8xd7
25.Ne5d3 Nd6f5
26.Nd3e5 Rd7e7
27.g4 c5
28.gxf5 cxd4
29.exd4 Qg7g2
30.Ne5d3 Kb8
31.f6 Re7f7
32.Rh1g1 Qg2e4
33.Rg1g4 Qe4f5
34.Qh5xf5 exf5
35.Rg4g8 Kc7
36.Rg8g6 h5
37.Nd3e5 Rf7f8
38.Rd1g1 b5
39.Rg6g7 Rh7xg7
40.fxg7 Rf8g8
41.Ne5d3 Kd6
42.Nd3f4 Na6c7
43.Nf4xh5 Nc7e6
44.Nh5f6 f4
45.Nf6xg8 Ne6xd4
46.Ng8f6 Nd4e2
47.Kd1 Ne2xg1
48.g8Q Ng1f3
49.h5 d4
50.Qg8d5 { resign }
1-0

[Event "Match"]
[Site "www.echecsemail.com"]
[Date "2016.11.07"]
[Round "1"]
[White "Robinjut"]
[Black "Llcervello"]
[WhiteElo "1540"]
[BlackElo "1690"]
[Result "0-1"]
[Round "1"]
1.e4 e5
2.Ng1f3 Bf8d6
3.Nb1c3 Ng8f6
4.h3 O-O
5.Nc3d5 Nf6xe4
6.Bf1d3 f5
7.Bd3xe4 fxe4
8.Nf3g1 c6
9.Nd5e3 Qd8f6
10.Qd1g4 Qf6xf2
11.Kd1 Rf8f4
12.Qg4g5 Nb8a6
13.Ng1e2 h6
14.Qg5d8 Bd6f8
15.Ne2xf4 exf4
16.Ne3f5 Qf2xg2
17.Rh1e1 Kf7
18.Nf5d6 Bf8xd6
19.Re1e2 Qg2f3
20.Qd8h4 Kg6
21.Qh4g4 Kh7
22.Qg4f5 Kh8
23.Qf5xe4 Qf3xe4
24.Re2xe4 f3
25.Ke1 Bd6g3
26.Kf1 Kh7
27.Re4e3 d5
28.Re3xf3 Bg3d6
29.d4 Bc8d7
30.Bc1e3 Ra8f8
31.Rf3xf8 Bd6xf8
32.Ke2 Bd7xh3
33.Ra1h1 Bh3g4
34.Kf2 Na6b4
35.Rh1h4 h5
36.c3 Nb4xa2
37.Kg3 Bf8d6
38.Be3f4 Bd6xf4
39.Kxf4 Kh6
40.Ke5 g5
41.Rh4h1 h4
42.Rh1a1 h3
43.Ra1h1 Kh5
44.Kd6 Kh4
45.Kc7 Bg4f3
46.Rh1a1 h2
47.Ra1xa2 h1Q
48.Ra2xa7 Qh1h2
49.Kxb7 Qh2xb2
50.Kxc6 Qb2xc3
{ resign }
0-1

[Event "Match"]
[Site "www.echecsemail.com"]
[Date "2016.11.07"]
[Round "1"]
[White "Mitja"]
[Black "Bojan"]
[WhiteElo "2000"]
[BlackElo "1960"]
[Result "0-1"]
[Round "1"]
1.d4 d5
2.e3 Qd8d6
3.h3 Ng8f6
4.c3 Nb8c6
5.Ng1e2 e5
6.dxe5 Nc6xe5
7.Ne2g3 Bc8d7
8.Nb1d2 Qd6b6
9.b3 c6
10.Bc1b2 Bf8d6
11.Nd2f3 Qb6a5
12.Nf3xe5 Bd6xe5
13.Ng3e2 Nf6e4
14.Qd1c1 O-O
15.b4 Qa5c7
16.Ne2d4 f5
17.Bf1d3 b6
18.Bd3xe4 fxe4
19.Qc1c2 a6
20.a3 c5
21.Nd4e2 Rf8f7
22.g4 Ra8f8
23.O-O-O Qc7c6
24.Rd1f1 Rf7xf2
25.Rf1xf2 Rf8xf2
26.Qc2d1 Qc6d6
27.Rh1f1 Rf2h2
28.Rf1h1 Bd7b5
29.Rh1xh2 Be5xh2
30.Qd1f1 Bh2e5
31.Qf1f2 cxb4
32.axb4 a5
33.bxa5 bxa5
34.Ne2d4 Bb5d3
35.Kd1 Be5g3
36.Qf2f5 Bd3c4
37.Nd4e6 Qd6b8
38.Qf5g5 Qb8b7
39.Bb2a3 Qb7b1
40.Ba3c1 Qb1d3
41.Bc1d2 Bc4b3
{ resign }
0-1

[Event "Match"]
[Site "www.echecsemail.com"]
[Date "2016.11.07"]
[Round "1"]
[White "Ddum975"]
[Black "Fangshuo"]
[WhiteElo "1809"]
[BlackElo "2130"]
[Result "0-1"]
[Round "1"]
1.d4 d5
2.c4 c6
3.Ng1f3 e6
4.e3 Ng8f6
5.a3 Nf6e4
6.Nf3e5 Qd8f6
7.Qd1f3 Bf8e7
 { time }
0-1

[Event "Match"]
[Site "www.echecsemail.com"]
[Date "2016.11.07"]
[Round "1"]
[White "Billyg"]
[Black "Osvalazo"]
[WhiteElo "1560"]
[BlackElo "1690"]
[Result "0-1"]
[Round "1"]
1.e4 e5
2.d4 d5
3.dxe5 d4
4.h3 Nb8c6
5.f4 Bf8b4
6.c3 dxc3
7.bxc3 Qd8xd1
8.Kxd1 Bb4c5
9.Bf1b5 Bc8d7
10.Ng1e2 O-O-O
11.Kc2 Nc6a5
12.Bb5xd7 Rd8xd7
13.Bc1a3 Bc5e3
14.Rh1e1 Na5c4
15.Ne2d4 Be3xd4
16.cxd4 Nc4b6
17.d5 h5
18.f5 Nb6c4
19.Ba3b4 Nc4xe5
20.Nb1c3 Ng8f6
21.Ra1d1 h4
22.Nc3a4 Rh8h5
23.Na4c5 Rd7d8
24.Bb4c3 Ne5d7
25.g4 Rh5h8
26.Nc5xd7 Rd8xd7
27.g5 Nf6h5
28.f6 g6
29.e5 Nh5f4
30.d6 Nf4xh3
31.Bc3a5 b6
32.Ba5b4 Nh3xg5
33.a4 a5
34.Rd1d5 axb4
35.Kb1 Ng5f3
36.Re1f1 c6
37.Rd5d3 Nf3xe5
38.Rd3d4 c5
39.Rd4e4 Ne5c6
40.Rf1d1 h3
41.Re4e1 g5
42.Re1h1 g4
43.Rd1e1 Rd7xd6
44.Rh1f1 h2
45.Rf1h1 Rd6xf6
46.Re1e2 g3
47.Re2g2 Rf6g6
48.Kc1 Nc6e7
49.Kd1 Ne7f5
{ resign }
0-1

[Event "Match"]
[Site "www.echecsemail.com"]
[Date "2016.11.07"]
[Round "1"]
[White "Wagner"]
[Black "Sonny1000"]
[WhiteElo "1820"]
[BlackElo "1350"]
[Result "1-0"]
[Round "1"]
1.e4 Nb8c6
2.c3 e5
3.Ng1f3 Ng8f6
4.d3 h6
5.h3 Bf8c5
6.Bc1d2 g5
7.g4 d5
8.b4 Bc5f8
9.Qd1a4 dxe4
10.Nf3xe5 Qd8d5
11.Ne5xc6 bxc6
12.c4 Qd5d7
13.Bf1g2 Bc8b7
14.dxe4 Ra8d8
15.O-O Qd7d4
16.Bd2c3 Qd4d7
17.Bc3xf6 Bf8g7
18.Bf6xg7 Rh8g8
19.Bg7e5 Qd7e7
20.Be5b2 Rg8h8
21.Bb2xh8 Rd8d4
22.Bh8xd4 a6
23.Nb1c3 Qe7e6
24.Nc3d5 Qe6d6
25.c5 Qd6d8
26.Bg2f3 Kf8
27.Nd5f6 Kg7
28.Nf6h5 Kg6
29.Qa4d1 Qd8f8
30.Qd1d3 f5
31.exf5 Kf7
32.Rf1e1 Kg8
33.Qd3c4 Qf8f7
34.Re1e8 { resign }
1-0

[Event "Match"]
[Site "www.echecsemail.com"]
[Date "2016.11.07"]
[Round "1"]
[White "Genius3"]
[Black "Libiesse"]
[WhiteElo "1650"]
[BlackElo "2020"]
[Result "1/2-1/2"]
[Round "1"]
1.Nb1c3 e5
2.e4 Nb8c6
3.Ng1f3 Ng8f6
4.Bf1b5 Bf8b4
5.d3 d6
6.O-O O-O
7.Nc3e2 a6
8.Bb5xc6 bxc6
9.c3 Bb4a5
10.Ne2g3 Bc8g4
11.h3 Bg4e6
12.Nf3g5 Ra8b8
13.Ng5xe6 fxe6
14.Qd1e2 Ba5b6
15.Bc1e3 Qd8e7
16.b3 d5
17.Be3xb6 cxb6
18.exd5 exd5
19.Rf1e1 a5
20.Qe2xe5 Qe7xe5
21.Re1xe5 Rb8e8
22.Ra1e1 Re8xe5
23.Re1xe5 Kf7
24.f3 h6
25.d4 { draw }
1/2-1/2

[Event "Match"]
[Site "www.echecsemail.com"]
[Date "2016.11.07"]
[Round "1"]
[White "Billyg"]
[Black "Coraza"]
[WhiteElo "1680"]
[BlackElo "1840"]
[Result "1/2-1/2"]
[Round "1"]
1.e4 e5
2.Ng1f3 Nb8c6
3.Bf1c4 h6
4.c3 Ng8f6
5.d4 Nf6xe4
6.Qd1e2 d5
7.Bc4b5 Bc8d7
8.c4 Bf8b4
9.Bc1d2 Bb4xd2
10.Nf3xd2 Nc6xd4
11.Bb5xd7 Qd8xd7
12.Qe2d1 Qd7f5
13.f3 Ne4d6
14.Nb1a3 dxc4
15.O-O O-O-O
16.Nd2xc4 Qf5e6
17.b3 f6
18.Rf1e1 b5
19.Nc4xd6 Rd8xd6
20.Re1e4 Nd4f5
21.Qd1e2 Nf5d4
22.Qe2f2 Rh8d8
23.f4 a6
24.b4 Nd4c6
25.Ra1e1 Nc6d4
26.fxe5 Rd6c6
27.Re4xd4 Rc6c3
28.Re1d1 Rd8xd4
29.Qf2xd4 Rc3xa3
30.Qd4e4 Qe6b6
31.Kh1 Qb6a7
32.Qe4f5 Kb7
33.exf6 gxf6
34.Qf5e4 Kc8
35.Qe4g4 Kb7
36.Qg4e4 Kb6
37.Qe4d4 Kb7
38.Qd4e4 Kb6
39.Rd1c1 
1/2-1/2

[Event "1/64 Finale"]
[Site "www.chess-mail.com"]
[Date "2016.11.07"]
[Round "1"]
[White "Mitja"]
[Black "Cernunnoss"]
[WhiteElo "1960"]
[BlackElo "1810"]
[Result "1-0"]
[Round "1"]
1.d4 d5
2.e3 Ng8f6
3.h3 Bc8f5
4.Ng1e2 e6
5.Ne2g3 Bf5g6
6.c3 Nb8d7
7.Nb1d2 Bf8e7
8.Nd2b3 O-O
9.Bf1e2 c5
10.dxc5 Nd7xc5
11.Nb3xc5 Be7xc5
12.b3 Qd8c7
13.Bc1b2 Bc5xe3
{ time. }
1-0

[Event "1/128 Finale"]
[Site "www.chess-mail.com"]
[Date "2016.11.07"]
[Round "1"]
[White "Ddum975"]
[Black "Sportuga"]
[WhiteElo "1809"]
[BlackElo "2270"]
[Result "0-1"]
[Round "1"]
1.Ng1f3 Ng8f6
2.c4 g6
3.Nb1c3 Bf8g7
4.d4 d5
5.cxd5 Nf6xd5
6.e4 Nd5xc3
7.bxc3 Bc8g4
 { time }
0-1

[Event "Eq:SIETE ESTRELLAS VERDES-La Taverne : "]
[Site "www.chess-mail.com"]
[Date "2016.11.07"]
[Round "1"]
[White "Susov"]
[Black "Emmanuel69"]
[WhiteElo "1840"]
[BlackElo "1870"]
[Result "0-1"]
[Round "1"]
1.e4 c6
2.Ng1f3 d5
3.Nb1c3 e6
4.e5 Nb8d7
5.d4 g6
6.Bc1g5 Ng8e7
7.Bf1d3 Bf8g7
8.h4 h6
9.Bg5e3 O-O
10.Qd1d2 h5
11.Be3h6 Ne7f5
12.Bd3xf5 exf5
13.O-O-O Rf8e8
14.Bh6g5 f6
15.exf6 Bg7xf6
16.Rh1e1 Bf6xg5
17.Qd2xg5 Qd8xg5
18.Nf3xg5 Nd7f6
19.Re1xe8 Nf6xe8
20.Rd1e1 Bc8d7
21.Re1e7 Ne8f6
22.Nc3e2 Ra8e8
23.Re7xe8 Nf6xe8
24.Ne2f4 Kg7
25.b3 Ne8f6
26.f3 b6
27.Kd2 Nf6e8
28.c4 dxc4
29.bxc4 Ne8c7
30.a4 Kf6
31.Ng5h7 Kg7
32.Nh7g5 Kf6
33.Nf4d3 Nc7e6
34.Ng5xe6 Bd7xe6
35.c5 Be6d5
36.cxb6 axb6
37.Kc3 g5
38.hxg5 Kxg5
39.Nd3e5 Kf4
40.Ne5d3 Kg3
41.Kb4 Kxg2
42.Nd3f4 Kxf3
43.Nf4xh5 Ke3
44.Kc3 f4
45.Nh5xf4 Kxf4
46.Kd3 Kf3
47.Kc3 Ke3
{ resign }
0-1

[Event "Fast Game"]
[Site "www.echecsemail.com"]
[Date "2016.11.07"]
[Round "1"]
[White "Stevep84"]
[Black "Attatroll"]
[WhiteElo "1940"]
[BlackElo "1870"]
[Result "1-0"]
[Round "1"]
1.e4 d6
2.d4 Ng8f6
3.Nb1c3 g6
4.Bc1e3 Bf8g7
5.Qd1d2 Nf6g4
6.Be3g5 h6
7.Bg5h4 g5
8.Bh4g3 Nb8c6
9.h3 Ng4f6
10.Ng1f3 Nf6h5
11.Bg3h2 O-O
12.Bf1d3 Nc6b4
13.a3 Nb4xd3
14.Qd2xd3 Bc8d7
15.O-O-O c6
16.Qd3e2 Qd8b6
17.Nf3xg5 hxg5
18.Qe2xh5 f6
19.f4 Bd7e8
20.Qh5g4 Be8f7
21.fxg5 fxg5
22.Qg4xg5 Kh7
23.Qg5h4 Bg7h6
24.Bh2f4 { resign }
1-0

[Event "Tourn. n8994"]
[Site "www.chess-mail.com"]
[Date "2016.11.08"]
[Round "1"]
[White "Falcoale"]
[Black "Hansen"]
[WhiteElo "1610"]
[BlackElo "1600"]
[Result "1-0"]
[Round "1"]
1.e4 d5
2.exd5 Qd8xd5
3.Nb1c3 Qd5d4
4.Ng1f3 Qd4d6
5.d4 Bc8g4
6.Nc3e4 Qd6d5
7.Ne4c3 Qd5e6
8.Bf1e2 Nb8a6
9.O-O h5
10.Rf1e1 Na6b4
11.Be2b5 c6
12.Re1xe6 fxe6
13.Bb5e2 Ra8d8
14.Bc1e3 Ng8f6
15.a3 Nb4d5
16.Be3g5 Nf6d7
17.h3 Bg4f5
18.Nf3h4 e5
19.Nh4xf5 Nd7b6
20.Be2xh5 Kd7
21.Bh5g4 Kc7
22.Nc3xd5 Rd8xd5
23.Bg4f3 Rd5d7
24.Qd1e2 exd4
25.Ra1d1 g6
26.Nf5xe7 Bf8xe7
27.Bf3g4 Rh8e8
28.Bg4xd7 Kxd7
29.Rd1xd4 Be7d6
30.Qe2d2 Nb6c8
31.Bg5f4 c5
32.Rd4xd6 Ke7
33.Rd6d7 Kf8
34.Bf4h6 Kg8
35.Qd2d5 Kh8
36.Qd5f7 Re8g8
37.Qf7h7 { resign }
1-0

[Event "Tourn. n9037"]
[Site "www.chess-mail.com"]
[Date "2016.11.08"]
[Round "1"]
[White "Bojan"]
[Black "Tonino1"]
[WhiteElo "1960"]
[BlackElo "2030"]
[Result "0-1"]
[Round "1"]
1.b4 Ng8f6
2.Bc1b2 g6
3.Bb2xf6 exf6
4.a3 Bf8g7
5.c4 O-O
6.Ra1a2 d6
7.d4 c6
8.e4 Rf8e8
9.Nb1c3 d5
10.f3 dxe4
11.fxe4 f5
12.Ra2e2 Bg7xd4
13.Qd1d3 Bd4xc3
14.Re2d2 Bc3xd2
15.Kxd2 Qd8xd3
16.Bf1xd3 fxe4
17.Bd3e2 Bc8e6
18.Kc3 a5
19.b5 c5
20.Be2d1 Nb8d7
21.Bd1c2 f5
22.Ng1e2 Nd7e5
23.Ne2f4 Be6xc4
24.h4 Ra8d8
25.h5 g5
26.Nf4h3 h6
{ resign }
0-1

[Event "Tourn. n9024"]
[Site "www.chess-mail.com"]
[Date "2016.11.08"]
[Round "1"]
[White "Silent1"]
[Black "Bigrezi"]
[WhiteElo "1950"]
[BlackElo "1870"]
[Result "0-1"]
[Round "1"]
1.d4 Ng8f6
2.c4 e6
3.Nb1c3 Bf8b4
4.Bc1d2 Nb8c6
5.e3 d5
6.Ng1f3 O-O
7.Bf1d3 Bc8d7
8.O-O a6
9.cxd5 exd5
10.Nc3e2 Bb4xd2
11.Qd1xd2 Nc6e7
12.Nf3e5 Nf6e4
13.Ne5xd7 Ne4xd2
14.Nd7xf8 Nd2xf1
{ resign }
0-1

[Event "Tourn. n8984"]
[Site "www.chess-mail.com"]
[Date "2016.11.08"]
[Round "1"]
[White "Cal"]
[Black "Crull"]
[WhiteElo "1670"]
[BlackElo "1740"]
[Result "0-1"]
[Round "1"]
1.c4 e5
2.e4 Ng8f6
3.Nb1c3 Nb8c6
4.Ng1f3 Bf8c5
5.d3 d6
6.h3 O-O
7.Bc1g5 h6
8.a3 hxg5
9.Bf1e2 Nf6h7
10.Qd1d2 f6
11.O-O Nc6d4
12.Nf3xd4 Bc5xd4
13.Nc3d5 c6
14.Ra1b1 cxd5
15.cxd5 Qd8b6
16.b4 Bc8d7
17.Kh2 Bd4xf2
18.Be2g4 Bf2e3
19.Qd2e2 Bd7xg4
20.Qe2xg4 Be3f4
21.Kh1 Qb6e3
22.Rb1d1 Ra8c8
23.Qg4e6 Kh8
24.a4 Qe3g3
25.Kg1 Rc8c2
26.Qe6g4 Qg3h2

0-1

[Event "Tourn. n8995"]
[Site "www.chess-mail.com"]
[Date "2016.11.08"]
[Round "1"]
[White "Picifarkinca"]
[Black "Luban"]
[WhiteElo "1940"]
[BlackElo "1990"]
[Result "1/2-1/2"]
[Round "1"]
1.e4 c5
2.Nb1c3 e6
3.g3 d5
4.d3 h6
5.exd5 exd5
6.Bf1g2 Bc8e6
7.Ng1f3 Ng8f6
8.O-O a6
9.Rf1e1 Bf8e7
10.b3 Nb8c6
11.Bc1b2 O-O
12.Nc3e2 Qd8d7
13.Ne2f4 Be6g4
14.Qd1d2 Bg4xf3
15.Bg2xf3 Ra8c8
16.Re1e2 Rf8e8
17.Ra1e1 d4
18.a3 b5
19.Nf4h5 Nf6xh5
20.Bf3xh5 Be7f6
21.Bh5f3 Nc6e5
22.Bf3g2 Re8e7
23.Qd2a5 Qd7d6
24.Bb2c1 Rc8e8
25.Bc1f4 g5
26.Bf4c1 Bf6g7
27.Bg2e4 f5
28.f4 fxe4
29.fxe5 Re7xe5
30.Re2xe4 Re5xe4
31.Re1xe4 Re8xe4
32.dxe4 Qd6e6
33.Qa5d8 Kh7
34.Qd8d5 Qe6xd5
35.exd5 Bg7e5
36.Kf2 Kg7
37.Kf3 Kf6
38.Ke4 Be5d6
39.Bc1d2 h5
40.Bd2e1 g4
41.c3 Bd6e5
42.cxd4 Be5xd4
43.b4 cxb4
44.Kxd4 bxa3
45.Kc5 Ke7
46.Be1c3 Kd7
47.Bc3e5 a2
48.Be5a1 Kc7
49.Ba1e5 Kd7
50.Be5a1 Kc7
51.Ba1e5 { draw }
1/2-1/2